QUEST Central Library Banner

Drainage Manual (Record no. 10445)

MARC details
000 -LEADER
fixed length control field 00214nam a2200109 4500
082 ## - DEWEY DECIMAL CLASSIFICATION NUMBER
Classification number USD
100 ## - MAIN ENTRY--AUTHOR NAME
Personal name USDA
245 ## - TITLE STATEMENT
Title Drainage Manual
260 ## - PUBLICATION, DISTRIBUTION, ETC. (IMPRINT)
Place of publication New Delhi:
Name of publisher Oxford,
Year of publication 1978.
300 ## - PHYSICAL DESCRIPTION
Number of Pages 269p. ;
942 ## - ADDED ENTRY ELEMENTS (KOHA)
Koha item type Books
Holdings
Withdrawn status Lost status Home library Current library Date acquired Cost, normal purchase price Full call number Accession Number Koha item type
    Central Library, QUEST, Nawabshah Central Library, QUEST, Nawabshah 13/04/2015   631.6USG 9088 Books
    Central Library, QUEST, Nawabshah Stacks area 26/09/2014 58.50 USD 15223 Books

Copyright © 2018,The QUEST, Nawabshah, Shaheed Benazirabad. All rights reserved
Mr. G. Farooq Channar (Librarian) QUEST, Nawabshah, Sindh, Pakistan 67480.
 Ph#: |   0244-9370381-4 Ext. 2308   Email| lib@quest.edu.pk   Web|  http://www.quest.edu.pk